| 000 | 02202nam a22002897a 4500 | ||
|---|---|---|---|
| 999 |
_c57051 _d57051 |
||
| 003 | Ge_BSU | ||
| 005 | 20191031164717.0 | ||
| 008 | 191031s2016 ge ||||| |||| 00| 0 geo d | ||
| 020 | _a9789941094095 | ||
| 041 | _ageo | ||
| 080 | _a793.31(479.22)+821.353.1-94 ქ-55 | ||
| 245 |
_aქისტური ცეკვის ამაგდარი : იოსებ ცათიაშვილი 100 = Magician of the kisturi dance : Joseb Tsatiashvili 100 / _cმასალის მოძიება და დამუშავება : ირინა მოისწრაფიშვილი ; ქართ. ტექსტის რედ : ელენე სალარიძე ; ინგლისურად თარგმ : ანა ბაკურიძე ; ინგლ. ტექსტის რედ : ქეითი დევისი ; ფოტოგ: რაფიელ არზუმანოვი ; დიზაინი ირმა ჯიშკარიანი. |
||
| 264 |
_aთბილისი, _c 2016. |
||
| 300 |
_a110 გვ. : _b ფოტ. ; _c25 სმ. |
||
| 546 | _aთავფურ. და ტექსტი აგრეთვე ინგლ. ენაზე | ||
| 653 | _aცათიაშვილი, იოსებ, 1917-1991 | ||
| 653 | _aქისტური ქორეოგრაფია | ||
| 653 | _aქართული ქორეოგრაფია | ||
| 653 | _aქისტი ქორეოგრაფები | ||
| 700 |
_aმოისწრაფიშვილი, ირინა _95198 |
||
| 700 |
_aსალარიძე, ელენე _eქართული ტექსტის რედაქტორი _95199 |
||
| 700 |
_aბაკურიძე, ანა _eინგლისურად თარგმნა _95200 |
||
| 700 |
_aდევისი, ქეთი _eინგლისური ტექსტის რედაქტორი _95201 |
||
| 700 |
_aარზუმანოვი, რაფიელ _eფოტოგრაფი _95202 |
||
| 700 |
_aჯიშკარიანი, ირმა _eდიზაინერი _95203 |
||
| 942 |
_2udc _cBK |
||